טוען...
Niyamavaazhcha
| מחבר ראשי: | |
|---|---|
| פורמט: | Printed Book |
| יצא לאור: |
Kollam, Kanivu Books
2008
|
| נושאים: |
| LEADER | 005110000a22001690004500 | ||
|---|---|---|---|
| 040 | |a MAL | ||
| 082 | |a 340 32P8 | ||
| 100 | |a Vijayasundaran, Ezhukone A R; Author | ||
| 245 | |a Niyamavaazhcha | ||
| 260 | |a Kollam, Kanivu Books | ||
| 260 | |c 2008 | ||
| 460 | |a 96p | ||
| 465 | |a Rs.60.00 | ||
| 500 | |a Ezhukone A R Vijayasundaran | ||
| 650 | |a Law | ||
| 999 | |c 44806 |d 44806 | ||
| 952 | |0 0 |1 0 |4 0 |6 340_000000000000000_32P8 |7 0 |8 MAL |9 45504 |a MGUL |b MGUL |d 2013-07-16 |e Rs.60.00 |l 1 |o 340 32P8 |p G02024 |r 2018-01-15 |s 2017-12-04 |w 2013-07-16 |y BK | ||